• 首页
  • 本馆介绍
  • 公告通知
  • 最新文献
  • 馆藏检索
  • 电子资源
  • 读者导购
  • 参考咨询
  • 我的图书馆
  • 登录
  • 详细信息显示
  • 放入我的书架
  • 预约/预借图书
  • 作者相关作品
  • 分类相关作品
  • 丛书相关作品
  • 出版社相关作品

书目信息

  • 表格格式
  • 工作单格式
  • 卡片格式
题名:
线性系统理论
    
 
作者: 段广仁 编著
分册:  
出版信息: 哈尔滨   哈尔滨工业大学出版社  2004
页数: 397页
开本: 26cm
丛书名:
单 册:
中图分类: O231.1
科图分类:
主题词: 线性控制系统--理论
电子资源:
ISBN: 7-5603-1181-4
000 00607nam0 2200217 45
001 0197005836
005 20050412110806.8
010    @a7-5603-1181-4@dCNY37.00
100    @a19970325d2004 em y0chiy0121 ea
101 0  @achi
102    @aCN@b230000
105    @ay z 000yy
200 10 @a线性系统理论@Axian xing xi tong li lun@f段广仁编著@FDuan Guang Ren Bian Zhu
205    @a2版
210    @a哈尔滨@c哈尔滨工业大学出版社@d2004
215    @a397页@d26cm
606    @a线性控制系统@x理论
690    @aO231.1@v4
701  0 @a段广仁@4编著
801  0 @aCN@bNLC@c19970429
905    @f5@b348885-889@dO231.1@e21=2
    
    线性系统理论/段广仁编著.-2版.-哈尔滨:哈尔滨工业大学出版社,2004
    397页;26cm
    
    
    ISBN 7-5603-1181-4:CNY37.00
    
●
相关链接 在E读中查询图书 在五车中查询图书 在当当中查询图书 在豆瓣中查询图书


正题名:线性系统理论     索取号:O231.1/21=2         预约/预借

序号 登录号 条形码 馆藏地/架位号 状态 备注
1 0348885   203488859   第三借阅区/ [索取号:O231.1/21=2] 在馆    
2 0348886   203488868   第三借阅区/ [索取号:O231.1/21=2] 在馆    
3 0348887   203488877   第三借阅区/ [索取号:O231.1/21=2] 在馆    
4 0348888   203488886   第三借阅区/ [索取号:O231.1/21=2] 在馆    
5 0348889   203488895   第三借阅区/ [索取号:O231.1/21=2] 在馆    
唐山师范学院图书馆 欢迎您!
大连网信软件有限公司© 版权所有